000 00284nam a2200097Ia 4500
082 _aJ 669 STEW
245 0 _aMetal : from safety pins to statues
100 _a Stevens, Beth Dvergsten Logan, Iowa, 2004
_970158
942 _cBK
008 210817s9999 xx 000 0 und d
999 _c424597
_d424596